Les 10 musées préférés des français 2025 - Statistiques

Statistiques générales
  • Ce quiz a été pris 66 fois
  • Le résultat moyen est 3 sur 10
Statistiques - réponses
Hint Réponse % Correct
1 Musée du Louvre
100%
2 Musée d'Orsay
78%
9 Musée du quai Branly
35%
6 MuCEM
16%
5 Musée Grévin
14%
10 Musée des Confluences
10%
8 Musée de la fondation Louis Vuitton
8%
4 Musée d'Histoire Naturelle
6%
3 Musée de l'illusion de Paris
5%
7 Musée de la maison Bonaparte
0%
Aucun quiz correspondant
Distribution des résultats
% des personnes avec chaque résultat
Percentile par nombre de réponses
Votre historique - résultats
Vous n’avez pas pris ce quiz